000 00454nam a2200181 a 4500
001 1774863791238
003 YourLibrary
005 20260330151549.0
008 260330s2016##################000#0#eng##
020 _a9781632397737
082 0 4 _a362.1
_bCAL
100 1 _aCalvin, Abby,
_eauthor.
245 1 0 _aNew Perspectives in Public Health :
260 _c2016.
650 0 _aMedical.
942 _cENGLISH
040 _aYourLibrary
_beng
_cYourLibrary
999 _c618181
_d618181